| 000 | 01196nam a22002897a 4500 | ||
|---|---|---|---|
| 999 |
_c117728 _d117728 |
||
| 003 | dpl | ||
| 005 | 20190507140744.0 | ||
| 008 | 190507b ||||| |||| 00| 0 eng d | ||
| 010 | _aB-054650 | ||
| 020 |
_c00.00 _a8122307388 |
||
| 035 | _aB-054650, B-054672 | ||
| 037 | _bCen Lib/Ret | ||
| 040 |
_aDPL _bEN _c0 |
||
| 082 |
_a649.1 _bभाटिया |
||
| 100 |
_aभाटिया, सुदर्शन _9141676 |
||
| 245 |
_aशिशु पालन तथा मां के दायित्व / _cसुदर्शन भाटिया |
||
| 246 | _aShishu palan tatha maan ke dayitv | ||
| 260 |
_aदिल्ली _bपुस्तक महल _c2001 |
||
| 270 |
_b नई दिल्ली _aF-2/16, अंसारी रोड , दरियागंज |
||
| 300 |
_a144पृ. _c20 सेमी (सजिल्द) |
||
| 500 | _aअनुक्रमणिका सामयीन | ||
| 650 |
_aहिंदी साहित्य _9141677 |
||
| 650 |
_aशिशु का विशेष ध्यान _9141678 |
||
| 650 |
_aHindi literature _9141679 |
||
| 650 |
_aBaby care _976514 |
||
| 942 |
_2ddc _cHN _h649.1 _mभाटिया |
||